<?xml version="1.0" encoding="UTF-8"?>
<collection xmlns="http://www.loc.gov/MARC21/slim">
 <record>
  <leader>00585pamaa2200181   4500</leader>
  <controlfield tag="001">0000020142</controlfield>
  <controlfield tag="005">20190724090000.0</controlfield>
  <datafield tag="020" ind1="0" ind2="0">
   <subfield code="a">9838340626 </subfield>
  </datafield>
  <datafield tag="082" ind1=" " ind2=" ">
   <subfield code="a">170 TAM</subfield>
  </datafield>
  <datafield tag="090" ind1="0" ind2="0">
   <subfield code="a">BJ1031 </subfield>
   <subfield code="b">TAM 1996</subfield>
  </datafield>
  <datafield tag="100" ind1="1" ind2="0">
   <subfield code="a">TAM YEOW KWAI </subfield>
  </datafield>
  <datafield tag="245" ind1="1" ind2="0">
   <subfield code="a">Pendidikan moral 1 : </subfield>
   <subfield code="b">konsep dan program pendidikan moral  </subfield>
   <subfield code="c">Tam Yeow Kwai.</subfield>
  </datafield>
  <datafield tag="260" ind1="0" ind2="0">
   <subfield code="a">Kuala Lumpur: </subfield>
   <subfield code="b">Budiman, </subfield>
   <subfield code="c">1996.</subfield>
  </datafield>
  <datafield tag="300" ind1=" " ind2=" ">
   <subfield code="a">211[3]p.; </subfield>
   <subfield code="c">22cm.</subfield>
  </datafield>
  <datafield tag="440" ind1="0" ind2="0">
   <subfield code="a">Siri pendidikan perguruan</subfield>
  </datafield>
  <datafield tag="500" ind1="0" ind2="0">
   <subfield code="a">Mengikut sukatan pelajaran diploma perguruan Malaysia Julai 1996</subfield>
  </datafield>
  <datafield tag="650" ind1="0" ind2="0">
   <subfield code="a">Moral education (Malay language) </subfield>
  </datafield>
  <datafield tag="650" ind1="0" ind2="0">
   <subfield code="a">Ethics (Malay language) </subfield>
  </datafield>
 </record>
</collection>
